000 00258nam a2200097Ia 4500
001 1001493
005 20250826230411.0
008 250824s9999 xx 000 0 und d
245 0 _aBÜYÜMEK İSTEMİYORUM
_cMİNE G.KIRIKKANAT
260 _bKIRMIZI KEDİ ÇOCUK
999 _c1001493
_d1001493